000 01871nam a2200469 i 4500
003 CO-BoRNBP
005 20230515200238.0
007 ta
008 161108s2000 ck a gs 000 0 spa d
020 _a9582005653
020 _a9582000147 (Colección completa)
040 _aCO-BoRNBP
_bspa
_cCO-BoRNBP
_erda
041 0 _aspa
084 _aC CUE46
245 1 0 _aCuentos de hadas de hoy y mañana
_cselección, prólogo y notas Sergio Andricaín ; ilustrado por Esperanza Vallejo
250 _aPrimera edición
264 1 _aBogotá, Colombia
_bMagisterio
_c2000
300 _a113 páginas
_bilustraciones en blanco y negro
_c20 cm
336 _atexto
_btxt
_2rdacontent
337 _asin mediación
_bn
_2rdamedia
338 _avolumen
_bnc
_2rdacarrier
490 0 _aMontaña mágica
505 _tLas hadas --
_tPobres princesas --
_tEl insomnio de la Bella Durmiente --
_tLeyenda --
_tNo era moscardón --
_tSiete años y otros siete --
_tUn hada en la sopa --
_tMargarita del siglo XX --
_tLa luna en Las Quimbambas --
_tEl juicio de las tres brujas --
_tSeñorita bruja.
650 1 7 _aCuentos infantiles
_vColecciones
_2ARMARC
_92044
650 1 4 _aCuentos latinoamericanos
_vColecciones
_2ARMARC
_92045
650 1 7 _aHadas
_vCuentos infantiles
_2ARMARC
_92046
650 1 7 _aPersonajes fantásticos
_vCuentos infantiles
_2ARMARC
_92047
700 1 _aAndricaín Hernández, Sergio
_eprologuísta
_92048
700 1 _aVasco, Irene,
_d1952-
_91899
740 0 2 _aLas hadas
740 0 2 _aPobres princesas
740 0 2 _aEl insomnio de la Bella Durmiente
740 0 2 _aLeyenda
740 0 2 _aNo era moscardón
740 0 2 _aSiete años y otros siete
740 0 2 _aUn hada en la sopa
740 0 2 _aMargarita del siglo XX
740 0 2 _aLa luna en Las Quimbambas
740 0 2 _aEl juicio de las tres brujas
740 0 2 _aSeñorita bruja
942 _cBKINF
_2ddc
999 _c9549
_d9549